000 00290nam a2200109Ia 4500
008 200302s9999 xx 000 0 und d
100 _aValerie Herinstain
245 _aMugal India : Spelendours Of The Peacock Throne
260 _bThames and Hudson, London
260 _c1997
300 _a159 P
999 _c4776
_d4776